000
00303nam a22001457a 4500
008
230515b ||||| |||| 00| 0 eng d
020
_a
2011920287
041
_a
eng
080
_a
51
082
_a
51SIS
100
_a
22
101
_a
MATEM
245
_a
COLLEGE ALGEBRA
_c
SISSON.P
942
_2
udc
_c
BK
999
_c
59707
_d
59707